000 01192cam a2200325 a 4500
999 _c13303
_d13303
001 4451145
003 OSt
005 20181004093103.0
008 950324s1995 coua b 001 0 eng
010 _a 95014613
020 _a094463429X (hc)
040 _aDLC
_cDLC
_dDLC
043 _an-us---
050 0 0 _aLB3012.2
_b.F39 1995
082 0 0 _a371.5/0973
_220
100 1 _aFay, Jim.
245 1 0 _aTeaching with love & logic :
_btaking control of the classroom /
_cJim Fay & David Funk.
246 3 _aTeaching with love and logic
250 _a1st ed.
260 _aGolden, CO :
_bLove and Logic Press,
_cc1995.
300 _axv, 399 p. :
_bill. ;
_c24 cm.
504 _aIncludes bibliographical references (p. 373-390) and index.
650 0 _aSchool discipline
_zUnited States.
650 0 _aClassroom management
_zUnited States.
700 1 _aFunk, David,
_d1946-
906 _a7
_bcbc
_corignew
_d1
_eocip
_f19
_gy-gencatlg
942 _2lcc
_cBOOKS
_hQA 76.73 .C153 2001